| 000 | 00665nam a2200241 a 4500 | ||
|---|---|---|---|
| 001 | 1548563 | ||
| 005 | 20180209043428.0 | ||
| 008 | 910404s1989 njua 001 0 eng | ||
| 010 | _a 91137284 | ||
| 020 | _a0136937632 | ||
| 040 |
_aDLC _cDLC |
||
| 041 | _aeng | ||
| 043 | _an-us--- | ||
| 080 | _a810.712 sus | ||
| 082 | 0 | 0 |
_a810.712 sus _220 |
| 100 | _a34 | ||
| 101 | _agju | ||
| 245 | 0 | 0 |
_aPrentice Hall literature : _cthe American experience. |
| 740 | 0 | _aAmerican experience. | |
| 906 |
_a7 _bcbc _corignew _d2 _encip _f19 _gy-gencatlg |
||
| 942 |
_2ddc _cBK |
||
| 999 |
_c42228 _d42228 |
||